[Event "Ch France 2018 - Vétérans"]
[Site "?"]
[Date "2018.08.18"]
[Round "1.4"]
[White "Duval, Michel"]
[Black "Vial, Patrick"]
[Result "0-1"]
[BlackElo "2139"]
[WhiteElo "1634"]
[LiveChessVersion "1.4.4"]

1. e4 {[%clk 1:30:56]} d5 {[%clk 1:30:57]} 2. exd5 {[%clk 1:31:03]} Nf6
{[%clk 1:31:26]} 3. Bb5+ {[%clk 1:31:16]} Nbd7 {[%clk 1:30:41]} 4. c4
{[%clk 1:29:04]} a6 {[%clk 1:30:02]} 5. Bxd7+ {[%clk 1:27:44]} Bxd7
{[%clk 1:29:56]} 6. Nc3 {[%clk 1:26:51]} c6 {[%clk 1:26:48]} 7. dxc6
{[%clk 1:23:59]} Bxc6 {[%clk 1:22:21]} 8. Nf3 {[%clk 1:23:43]} e6
{[%clk 1:14:45]} 9. O-O {[%clk 1:22:52]} Bc5 {[%clk 1:07:27]} 10. Ne5
{[%clk 1:17:17]} Rc8 {[%clk 0:53:11]} 11. Nxc6 {[%clk 1:15:59]} Rxc6
{[%clk 0:53:37]} 12. Qf3 {[%clk 1:12:01]} O-O {[%clk 0:31:41]} 13. b3
{[%clk 1:02:14]} Bd4 {[%clk 0:26:29]} 14. Rb1 {[%clk 1:02:08]} e5
{[%clk 0:21:13]} 15. Ne4 {[%clk 0:46:33]} Nxe4 {[%clk 0:21:15]} 16. Qxe4
{[%clk 0:46:55]} f5 {[%clk 0:21:26]} 17. Qe2 {[%clk 0:45:15]} f4 {[%clk 0:10:55]}
18. Qe4 {[%clk 0:29:50]} Qg5 {[%clk 0:09:27]} 19. d3 {[%clk 0:25:36]} Rg6
{[%clk 0:05:33]} 20. Qf3 {[%clk 0:24:00]} Qh4 {[%clk 0:05:42]} 21. Bb2
{[%clk 0:23:36]} Rf5 {[%clk 0:05:06]} 22. Bxd4 {[%clk 0:19:51]} exd4
{[%clk 0:04:36]} 23. Rfe1 {[%clk 0:18:10]} h6 {[%clk 0:04:44]} 24. Re4
{[%clk 0:05:21]} Rh5 {[%clk 0:03:29]} 25. h3 {[%clk 0:03:05]} Rhg5
{[%clk 0:03:41]} 26. Rxf4 {[%clk 0:02:29]} Rxg2+ {[%clk 0:04:06]} 27. Kf1
{[%clk 0:02:42]} Qg5 {[%clk 0:03:45]} 28. Rg4 {[%clk 0:02:30]} Rxg4
{[%clk 0:03:56]} 29. hxg4 {[%clk 0:02:47]} Rf6 {[%clk 0:03:19]} 30. Qg3
{[%clk 0:02:45]} Rf4 {[%clk 0:03:10]} 31. f3 {[%clk 0:02:30]} h5 {[%clk 0:03:14]}
32. Re1 {[%clk 0:01:06]} hxg4 {[%clk 0:03:34]} 33. Kg2 {[%clk 0:01:18]} Rxf3
{[%clk 0:03:19]} 34. Qb8+ {[%clk 0:01:13]} Rf8 {[%clk 0:03:57]} 35. Qe5
{[%clk 0:00:52]} Qxe5 {[%clk 0:01:59]} 36. Rxe5 {[%clk 0:01:16]} Rf3
{[%clk 0:02:23]} 37. Re4 {[%clk 0:01:06]} Rxd3 {[%clk 0:02:25]} 38. Rxg4
{[%clk 0:01:22]} Rd2+ {[%clk 0:01:29]} 39. Kf3 {[%clk 0:01:06]} Rxa2
{[%clk 0:29:17]} 40. Rxd4 {[%clk 0:31:35]} Ra3 {[%clk 0:29:29]} 41. Rd3
{[%clk 0:30:26]} a5 {[%clk 0:29:58]} 42. Ke4 {[%clk 0:28:04]} Kh7
{[%clk 0:29:58]} 43. Kd4 {[%clk 0:25:02]} Kg6 {[%clk 0:30:15]} 44. c5
{[%clk 0:24:32]} Kf5 {[%clk 0:24:36]} 45. Kc4 {[%clk 0:24:20]} a4
{[%clk 0:24:07]} 46. Rd5+ {[%clk 0:21:08]} Ke6 {[%clk 0:23:32]} 47. Rd6+
{[%clk 0:19:40]} Ke7 {[%clk 0:23:44]} 48. bxa4 {[%clk 0:18:41]} Rxa4+
{[%clk 0:23:50]} 49. Kb5 {[%clk 0:18:52]} Ra1 {[%clk 0:23:55]} 50. Kb6
{[%clk 0:15:36]} Rb1+ {[%clk 0:20:41]} 51. Ka7 {[%clk 0:13:37]} Rb5
{[%clk 0:19:42]} 52. Rb6 {[%clk 0:10:32]} Rxc5 {[%clk 0:19:56]} 53. Rxb7+
{[%clk 0:10:53]} Kf6 {[%clk 0:20:04]} 54. Rb6+ {[%clk 0:10:21]} Kf5
{[%clk 0:20:22]} 55. Rb7 {[%clk 0:10:00]} g5 {[%clk 0:20:41]} 56. Rh7
{[%clk 0:09:52]} Kf4 {[%clk 0:21:11]} 57. Rh5 {[%clk 0:09:34]} Rb5
{[%clk 0:20:50]} 58. Ka6 {[%clk 0:09:38]} Rb1 {[%clk 0:21:02]} 0-1

[Event "Ch France 2018 - Open A"]
[Site "?"]
[Date "2018.08.18"]
[Round "1.1"]
[White "Giacomini, Hector"]
[Black "Marty, Brice"]
[Result "1-0"]
[BlackElo "2050"]
[WhiteElo "2196"]
[LiveChessVersion "1.4.4"]

1. Nf3 {[%clk 1:30:56]} Nf6 {[%clk 1:30:15]} 2. e3 {[%clk 1:31:20]} c5
{[%clk 1:30:25]} 3. c4 {[%clk 1:31:19]} g6 {[%clk 1:28:28]} 4. Nc3
{[%clk 1:31:17]} Bg7 {[%clk 1:28:36]} 5. d4 {[%clk 1:30:49]} cxd4
{[%clk 1:26:51]} 6. exd4 {[%clk 1:31:14]} d5 {[%clk 1:26:21]} 7. cxd5
{[%clk 1:31:12]} Nxd5 {[%clk 1:22:43]} 8. Qb3 {[%clk 1:31:23]} Nb6
{[%clk 1:15:03]} 9. Bb5+ {[%clk 1:30:33]} N8d7 {[%clk 1:09:26]} 10. O-O
{[%clk 1:27:46]} O-O {[%clk 1:09:05]} 11. Re1 {[%clk 1:26:26]} Nf6
{[%clk 1:06:20]} 12. h3 {[%clk 1:23:27]} a6 {[%clk 1:00:48]} 13. Bf1
{[%clk 1:23:05]} h6 {[%clk 0:57:57]} 14. Bf4 {[%clk 1:12:56]} Be6
{[%clk 0:51:12]} 15. Rxe6 {[%clk 1:06:21]} fxe6 {[%clk 0:51:32]} 16. Qxe6+
{[%clk 1:06:18]} Kh7 {[%clk 0:48:34]} 17. Bd3 {[%clk 1:05:10]} Nbd5
{[%clk 0:43:21]} 18. Nxd5 {[%clk 1:03:25]} Qxd5 {[%clk 0:43:35]} 19. Qe2
{[%clk 0:58:40]} Nh5 {[%clk 0:38:01]} 20. Bh2 {[%clk 0:56:01]} Nf4
{[%clk 0:22:32]} 21. Bxf4 {[%clk 0:56:22]} Rxf4 {[%clk 0:22:55]} 22. Qxe7
{[%clk 0:55:28]} Raf8 {[%clk 0:19:41]} 23. Re1 {[%clk 0:43:49]} R8f7
{[%clk 0:12:16]} 24. Qe2 {[%clk 0:36:29]} Rxf3 {[%clk 0:05:58]} 25. gxf3
{[%clk 0:36:50]} Rxf3 {[%clk 0:06:02]} 26. Be4 {[%clk 0:28:10]} Qg5+
{[%clk 0:06:27]} 27. Kh2 {[%clk 0:28:06]} Rf6 {[%clk 0:05:13]} 28. Qe3
{[%clk 0:21:26]} Qh4 {[%clk 0:05:14]} 29. Re2 {[%clk 0:18:47]} Bf8
{[%clk 0:05:01]} 30. Bg2 {[%clk 0:17:34]} Bd6+ {[%clk 0:02:20]} 31. Kg1
{[%clk 0:17:50]} Rf7 {[%clk 0:02:35]} 32. Qe8 {[%clk 0:11:25]} Qf4
{[%clk 0:02:31]} 33. Qe3 {[%clk 0:09:28]} Qh4 {[%clk 0:02:46]} 34. Qe4
{[%clk 0:08:18]} Qf6 {[%clk 0:01:39]} 35. Qd5 {[%clk 0:07:33]} Rc7
{[%clk 0:01:22]} 36. Re6 {[%clk 0:07:02]} Rc1+ {[%clk 0:00:47]} 37. Bf1
{[%clk 0:07:25]} Bh2+ {[%clk 0:00:44]} 38. Kg2 {[%clk 0:05:06]} Qf7
{[%clk 0:00:39]} 39. Qe4 {[%clk 0:04:35]} Qf4 {[%clk 0:00:34]} 40. Qxg6+
{[%clk 0:04:50]} 1-0

[Event "Ch France 2018 - Open A"]
[Site "?"]
[Date "2018.08.18"]
[Round "1.2"]
[White "Galloux, Maxime"]
[Black "Girardon, Jerome"]
[Result "0-1"]
[BlackElo "2186"]
[WhiteElo "2049"]
[LiveChessVersion "1.4.4"]

1. e4 {[%clk 1:30:47]} g6 {[%clk 1:29:57]} 2. d4 {[%clk 1:30:47]} Bg7
{[%clk 1:30:11]} 3. Nc3 {[%clk 1:30:41]} a6 {[%clk 1:30:29]} 4. Be3
{[%clk 1:28:53]} b5 {[%clk 1:30:47]} 5. a3 {[%clk 1:12:48]} d6 {[%clk 1:29:57]}
6. Qd2 {[%clk 1:12:00]} Nd7 {[%clk 1:29:15]} 7. h3 {[%clk 1:01:53]} Bb7
{[%clk 1:18:52]} 8. g4 {[%clk 0:53:34]} Ngf6 {[%clk 1:05:56]} 9. Bg2
{[%clk 0:51:34]} Nb6 {[%clk 1:02:36]} 10. b3 {[%clk 0:50:43]} h5 {[%clk 1:00:59]}
11. g5 {[%clk 0:45:45]} Nfd7 {[%clk 1:01:23]} 12. Rc1 {[%clk 0:39:19]} e6
{[%clk 0:50:13]} 13. Nge2 {[%clk 0:33:32]} O-O {[%clk 0:42:07]} 14. O-O
{[%clk 0:33:08]} d5 {[%clk 0:38:53]} 15. Nf4 {[%clk 0:25:17]} c6 {[%clk 0:37:48]}
16. exd5 {[%clk 0:15:53]} cxd5 {[%clk 0:34:26]} 17. Rfd1 {[%clk 0:11:47]} Qe7
{[%clk 0:32:43]} 18. Nd3 {[%clk 0:10:17]} Rfc8 {[%clk 0:30:48]} 19. Nb1
{[%clk 0:06:03]} a5 {[%clk 0:29:28]} 20. Qe1 {[%clk 0:03:28]} Kh7
{[%clk 0:24:07]} 21. f4 {[%clk 0:03:20]} Ra6 {[%clk 0:20:48]} 22. Bf1
{[%clk 0:02:23]} Raa8 {[%clk 0:20:11]} 23. Ne5 {[%clk 0:02:20]} f6
{[%clk 0:19:45]} 24. gxf6 {[%clk 0:02:19]} Bxf6 {[%clk 0:20:03]} 25. Bxb5
{[%clk 0:01:44]} Bh4 {[%clk 0:18:54]} 26. Qe2 {[%clk 0:01:50]} Nf6
{[%clk 0:19:02]} 27. Qg2 {[%clk 0:00:59]} Rg8 {[%clk 0:19:21]} 28. Bd3
{[%clk 0:01:12]} Ne4 {[%clk 0:19:23]} 29. Nd2 {[%clk 0:00:57]} Qf6
{[%clk 0:16:18]} 30. Nxe4 {[%clk 0:01:02]} dxe4 {[%clk 0:16:42]} 31. Bxe4
{[%clk 0:01:22]} Nd5 {[%clk 0:13:16]} 32. Bd2 {[%clk 0:01:11]} Kh8
{[%clk 0:13:07]} 33. c4 {[%clk 0:00:40]} g5 {[%clk 0:13:34]} 34. cxd5
{[%clk 0:00:54]} gxf4 {[%clk 0:13:59]} 35. Ng6+ {[%clk 0:01:04]} Rxg6
{[%clk 0:14:21]} 36. Bxg6 {[%clk 0:01:21]} Rg8 {[%clk 0:14:07]} 37. Qe4
{[%clk 0:00:40]} Rxg6+ {[%clk 0:11:41]} 38. Kf1 {[%clk 0:01:07]} Ba6+
{[%clk 0:11:13]} 39. Rc4 {[%clk 0:01:00]} a4 {[%clk 0:08:36]} 40. dxe6
{[%clk 0:09:48]} f3 {[%clk 0:33:02]} 41. Be3 {[%clk 0:05:17]} axb3
{[%clk 0:29:04]} 42. d5 {[%clk 0:02:11]} Qg7 {[%clk 0:29:06]} 0-1

[Event "Ch France 2018 - Open A"]
[Site "?"]
[Date "2018.08.18"]
[Round "1.3"]
[White "Vedovotto, Nicolas"]
[Black "Gourbiere, Yohan"]
[Result "1-0"]
[BlackElo "2049"]
[WhiteElo "2186"]
[LiveChessVersion "1.4.4"]

1. Nc3 {[%clk 1:30:52]} c5 {[%clk 1:29:26]} 2. e4 {[%clk 1:30:47]} g6
{[%clk 1:29:51]} 3. f4 {[%clk 1:27:59]} Bg7 {[%clk 1:29:42]} 4. Nf3
{[%clk 1:28:22]} Nc6 {[%clk 1:29:37]} 5. Bb5 {[%clk 1:26:15]} Nd4
{[%clk 1:18:01]} 6. O-O {[%clk 1:23:36]} Nxb5 {[%clk 0:54:36]} 7. Nxb5
{[%clk 1:23:55]} d6 {[%clk 0:51:00]} 8. d3 {[%clk 1:13:04]} Nf6 {[%clk 0:48:26]}
9. Qe1 {[%clk 1:12:23]} Bd7 {[%clk 0:42:25]} 10. Nc3 {[%clk 1:11:43]} Bc6
{[%clk 0:40:58]} 11. Qh4 {[%clk 1:07:40]} Rc8 {[%clk 0:21:50]} 12. Kh1
{[%clk 0:52:07]} O-O {[%clk 0:19:00]} 13. f5 {[%clk 0:50:50]} Qb6
{[%clk 0:12:13]} 14. Rb1 {[%clk 0:47:10]} e6 {[%clk 0:01:44]} 15. Bh6
{[%clk 0:41:32]} exf5 {[%clk 0:01:30]} 16. exf5 {[%clk 0:37:29]} Qb4
{[%clk 0:01:31]} 17. d4 {[%clk 0:27:00]} cxd4 {[%clk 0:01:21]} 18. Bxg7
{[%clk 0:26:14]} Kxg7 {[%clk 0:01:37]} 19. Nxd4 {[%clk 0:21:34]} Be4
{[%clk 0:01:36]} 20. Rbd1 {[%clk 0:17:18]} d5 {[%clk 0:00:44]} 21. fxg6
{[%clk 0:15:50]} fxg6 {[%clk 0:00:53]} 22. Nxe4 {[%clk 0:15:00]} Nxe4
{[%clk 0:00:35]} 23. Ne6+ {[%clk 0:14:48]} Kg8 {[%clk 0:00:56]} 24. Nxf8
{[%clk 0:13:47]} Rxf8 {[%clk 0:01:18]} 25. Rxf8+ {[%clk 0:11:55]} Qxf8
{[%clk 0:01:39]} 26. Re1 {[%clk 0:11:11]} Nf2+ {[%clk 0:01:19]} 27. Kg1
{[%clk 0:11:29]} Ne4 {[%clk 0:01:44]} 28. Re2 {[%clk 0:09:19]} Qc5+
{[%clk 0:01:40]} 29. Kf1 {[%clk 0:08:38]} Qf8+ {[%clk 0:01:17]} 30. Ke1
{[%clk 0:08:39]} Qc5 {[%clk 0:01:11]} 31. Kd1 {[%clk 0:05:21]} Qg1+
{[%clk 0:00:45]} 32. Qe1 {[%clk 0:05:23]} Qb6 {[%clk 0:00:44]} 33. Kc1
{[%clk 0:05:39]} Qd4 {[%clk 0:00:42]} 34. Kb1 {[%clk 0:05:32]} a5
{[%clk 0:00:49]} 35. a3 {[%clk 0:04:38]} b5 {[%clk 0:00:58]} 36. c3
{[%clk 0:03:59]} Qd3+ {[%clk 0:00:48]} 37. Ka1 {[%clk 0:04:11]} b4
{[%clk 0:00:44]} 38. cxb4 {[%clk 0:04:06]} axb4 {[%clk 0:01:04]} 39. Re3
{[%clk 0:04:12]} Qc4 {[%clk 0:00:57]} 40. axb4 {[%clk 0:03:46]} Qa6+
{[%clk 0:00:49]} 41. Ra3 {[%clk 0:03:54]} Qc4 {[%clk 0:01:04]} 42. Rf3
{[%clk 0:01:12]} Qd4 {[%clk 0:00:37]} 43. Qe3 {[%clk 0:18:28]} Qc4
{[%clk 0:27:36]} 44. Qa7 {[%clk 0:15:14]} Qxb4 {[%clk 0:27:10]} 45. Qf7+
{[%clk 0:15:23]} Kh8 {[%clk 0:27:36]} 46. Qf8+ {[%clk 0:15:40]} Qxf8
{[%clk 0:27:58]} 47. Rxf8+ {[%clk 0:16:06]} Kg7 {[%clk 0:28:26]} 48. Rd8
{[%clk 0:16:27]} Nf6 {[%clk 0:28:21]} 49. b4 {[%clk 0:16:33]} Kf7
{[%clk 0:28:40]} 50. Kb2 {[%clk 0:16:40]} Ke6 {[%clk 0:29:03]} 51. Kc3
{[%clk 0:16:27]} Nd7 {[%clk 0:29:24]} 52. Kd4 {[%clk 0:16:10]} 1-0

[Event "Ch France 2018 - Open A"]
[Site "?"]
[Date "2018.08.18"]
[Round "1.4"]
[White "Kavciyan, Yega"]
[Black "Daurelle, Herve"]
[Result "0-1"]
[BlackElo "2181"]
[WhiteElo "2049"]
[LiveChessVersion "1.4.4"]

1. d4 {[%clk 1:30:57]} Nf6 {[%clk 1:30:54]} 2. Bf4 {[%clk 1:31:19]} c5
{[%clk 1:30:31]} 3. dxc5 {[%clk 1:29:57]} Qa5+ {[%clk 1:26:16]} 4. Nc3
{[%clk 1:30:20]} Qxc5 {[%clk 1:26:24]} 5. e4 {[%clk 1:23:20]} Nxe4
{[%clk 1:22:15]} 6. Nxe4 {[%clk 1:21:42]} Qb4+ {[%clk 1:22:38]} 7. Qd2
{[%clk 1:22:06]} Qxe4+ {[%clk 1:23:05]} 8. Be2 {[%clk 1:22:24]} Nc6
{[%clk 1:13:47]} 9. O-O-O {[%clk 1:21:10]} d6 {[%clk 1:00:38]} 10. Nf3
{[%clk 1:19:04]} Qa4 {[%clk 0:54:13]} 11. a3 {[%clk 1:18:32]} Bf5
{[%clk 0:51:20]} 0-1

[Event "Ch France 2018 - Open B"]
[Site "?"]
[Date "2018.08.18"]
[Round "1.2"]
[White "Wilfert, Fabrice"]
[Black "Partinico, Jeremy"]
[Result "1-0"]
[BlackElo "1990"]
[WhiteElo "1862"]
[LiveChessVersion "1.4.8"]

1. e4 c5 {[%clk 1:30:53]} 2. Nc3 {[%clk 1:31:17]} e6 {[%clk 1:30:56]} 3. f4
{[%clk 1:31:34]} d5 {[%clk 1:29:51]} 4. d3 {[%clk 1:31:15]} Nc6 {[%clk 1:27:43]}
5. Nf3 {[%clk 1:31:12]} g6 {[%clk 1:22:12]} 6. g3 {[%clk 1:29:11]} Bg7
{[%clk 1:21:49]} 7. Bg2 {[%clk 1:28:57]} Nge7 {[%clk 1:19:29]} 8. Bd2
{[%clk 1:15:15]} O-O {[%clk 1:19:04]} 9. Rb1 {[%clk 1:07:48]} Rb8
{[%clk 1:16:54]} 10. O-O {[%clk 1:06:02]} b5 {[%clk 1:15:36]} 11. Ne2
{[%clk 0:57:46]} a5 {[%clk 1:06:33]} 12. c3 {[%clk 0:52:37]} b4 {[%clk 0:56:58]}
13. Be3 {[%clk 0:43:29]} dxe4 {[%clk 0:48:48]} 14. dxe4 {[%clk 0:43:37]} Ba6
{[%clk 0:49:09]} 15. Re1 {[%clk 0:42:51]} bxc3 {[%clk 0:39:50]} 16. bxc3
{[%clk 0:41:06]} Qxd1 {[%clk 0:34:33]} 17. Rbxd1 {[%clk 0:41:26]} Rb2
{[%clk 0:34:19]} 18. Rd2 {[%clk 0:34:18]} Rfb8 {[%clk 0:30:09]} 19. Bf1
{[%clk 0:27:01]} Rxd2 {[%clk 0:24:59]} 20. Bxd2 {[%clk 0:24:00]} Rb2
{[%clk 0:25:07]} 21. Nc1 {[%clk 0:24:18]} Bxf1 {[%clk 0:21:14]} 22. Rxf1
{[%clk 0:21:23]} c4 {[%clk 0:20:13]} 23. Rd1 {[%clk 0:18:51]} Rc2
{[%clk 0:15:54]} 24. Ne1 {[%clk 0:17:50]} Rb2 {[%clk 0:16:23]} 25. Nf3
{[%clk 0:17:28]} Kf8 {[%clk 0:16:22]} 26. e5 {[%clk 0:16:38]} Nd5
{[%clk 0:16:01]} 27. a3 {[%clk 0:15:24]} Ke7 {[%clk 0:15:47]} 28. Ng5
{[%clk 0:14:56]} f6 {[%clk 0:14:35]} 29. exf6+ {[%clk 0:14:21]} Bxf6
{[%clk 0:14:59]} 30. Ne4 {[%clk 0:14:35]} Bg7 {[%clk 0:14:34]} 31. Kf1
{[%clk 0:13:46]} Rc2 {[%clk 0:12:41]} 32. Ne2 {[%clk 0:12:48]} Ra2
{[%clk 0:13:04]} 33. Bc1 {[%clk 0:12:46]} Ra1 {[%clk 0:13:08]} 34. Ke1
{[%clk 0:12:41]} a4 {[%clk 0:12:42]} 35. Kd2 {[%clk 0:09:00]} Na5
{[%clk 0:11:55]} 36. Bb2 {[%clk 0:07:44]} Ra2 {[%clk 0:09:19]} 37. Kc1
{[%clk 0:07:28]} Ne3 {[%clk 0:03:27]} 38. Re1 {[%clk 0:06:30]} Nb3+
{[%clk 0:00:59]} 39. Kb1 {[%clk 0:06:48]} Rxb2+ {[%clk 0:01:09]} 40. Kxb2
{[%clk 0:07:11]} Nd5 {[%clk 0:01:28]} 41. Nc1 {[%clk 0:03:56]} Nc5
{[%clk 0:00:49]} 42. Kc2 {[%clk 0:03:10]} Nb3 {[%clk 0:27:20]} 43. Na2
{[%clk 0:32:19]} h6 {[%clk 0:26:43]} 44. Nb4 {[%clk 0:30:05]} Kd7
{[%clk 0:21:16]} 45. Rd1 {[%clk 0:28:56]} Nd4+ 46. Rxd4 {[%clk 0:27:53]} Bxd4
{[%clk 0:18:58]} 47. cxd4 {[%clk 0:27:29]} Nxb4+ {[%clk 0:14:05]} 48. axb4
{[%clk 0:27:38]} Kc6 {[%clk 0:14:15]} 49. Nc3 {[%clk 0:26:26]} a3
{[%clk 0:14:42]} 50. Kb1 1-0

[Event "Ch France 2018 - Open B"]
[Site "?"]
[Date "2018.08.18"]
[Round "1.4"]
[White "Muzzarelli, Hogan"]
[Black "Lebugle, Philippe"]
[Result "0-1"]
[BlackElo "1967"]
[WhiteElo "1860"]
[LiveChessVersion "1.4.8"]

1. d4 {[%clk 1:30:45]} d5 {[%clk 1:30:55]} 2. c4 {[%clk 1:31:10]} e6
{[%clk 1:31:13]} 3. Nc3 {[%clk 1:31:19]} f5 {[%clk 1:26:26]} 4. Nf3
{[%clk 1:28:18]} Nf6 {[%clk 1:26:40]} 5. Bf4 {[%clk 1:25:19]} c6 {[%clk 1:26:27]}
6. e3 {[%clk 1:23:34]} Be7 {[%clk 1:21:22]} 7. c5 {[%clk 1:18:06]} O-O
{[%clk 1:21:16]} 8. Be2 {[%clk 1:15:50]} Nbd7 {[%clk 1:20:23]} 9. Ng5
{[%clk 1:06:37]} Nb8 {[%clk 1:20:43]} 10. Nf3 {[%clk 1:06:33]} Re8
{[%clk 1:20:10]} 11. O-O {[%clk 1:02:49]} Nbd7 {[%clk 1:19:39]} 12. Qc2
{[%clk 0:51:13]} Nf8 {[%clk 1:15:58]} 13. Ne5 {[%clk 0:48:25]} N6d7
{[%clk 1:16:00]} 14. h3 {[%clk 0:46:16]} Bf6 {[%clk 1:14:36]} 15. b4
{[%clk 0:38:53]} Nxe5 {[%clk 0:51:20]} 16. Bxe5 {[%clk 0:39:08]} Be7
{[%clk 0:44:01]} 17. Qa4 {[%clk 0:30:19]} Bd7 {[%clk 0:42:22]} 18. Rab1
{[%clk 0:28:13]} Ng6 {[%clk 0:35:40]} 19. f4 {[%clk 0:25:30]} Nxe5
{[%clk 0:35:53]} 20. dxe5 {[%clk 0:25:40]} a5 {[%clk 0:33:47]} 21. Kf2
{[%clk 0:18:14]} b5 {[%clk 0:24:04]} 22. Qb3 {[%clk 0:11:06]} axb4
{[%clk 0:23:48]} 23. Qxb4 {[%clk 0:11:16]} Qa5 {[%clk 0:24:11]} 24. Qxa5
{[%clk 0:09:48]} Rxa5 {[%clk 0:24:36]} 25. a4 {[%clk 0:07:56]} Bxc5
{[%clk 0:21:18]} 26. axb5 {[%clk 0:07:23]} d4 {[%clk 0:21:39]} 27. bxc6
{[%clk 0:04:31]} Bxc6 {[%clk 0:21:50]} 28. Nd1 {[%clk 0:03:12]} Be4
{[%clk 0:20:38]} 29. Rb3 {[%clk 0:02:29]} Rd8 {[%clk 0:13:34]} 30. exd4
{[%clk 0:01:08]} Bxd4+ {[%clk 0:10:04]} 31. Kg3 {[%clk 0:01:29]} Bc2
{[%clk 0:07:39]} 32. Rb7 {[%clk 0:01:25]} Be4 {[%clk 0:05:05]} 33. Re7
{[%clk 0:01:47]} Bd5 {[%clk 0:05:18]} 34. Nf2 {[%clk 0:01:11]} Ra2
{[%clk 0:04:56]} 35. Bb5 {[%clk 0:00:59]} Kf8 {[%clk 0:04:59]} 36. Rc7
{[%clk 0:01:06]} Rb8 {[%clk 0:05:16]} 37. Bc4 {[%clk 0:00:48]} Bxc4
{[%clk 0:04:19]} 38. Rxc4 {[%clk 0:01:14]} Rb3+ {[%clk 0:04:41]} 39. Kh2
{[%clk 0:00:57]} Bxf2 {[%clk 0:04:36]} 40. Rc8+ {[%clk 0:00:52]} Kf7
{[%clk 0:04:42]} 41. Rd1 {[%clk 0:00:34]} Bg3+ {[%clk 0:05:01]} 42. Kg1
{[%clk 0:00:58]} Rbb2 {[%clk 0:04:29]} 43. Kf1 {[%clk 0:01:02]} Rf2+
{[%clk 0:04:50]} 44. Kg1 {[%clk 0:01:24]} Rxg2+ {[%clk 0:05:10]} 45. Kh1
{[%clk 0:01:34]} Rh2+ {[%clk 0:05:31]} 46. Kg1 {[%clk 0:02:00]} Rag2+
{[%clk 0:05:55]} 47. Kf1 {[%clk 0:02:22]} Rd2 {[%clk 0:05:00]} 48. Rxd2
{[%clk 0:01:52]} Rxd2 {[%clk 0:05:23]} 49. Rc7+ {[%clk 0:02:16]} Kf8
{[%clk 0:04:40]} 50. Rc8+ {[%clk 0:02:29]} Ke7 {[%clk 0:04:57]} 51. Rh8
{[%clk 0:02:39]} h6 {[%clk 0:04:30]} 52. Rg8 {[%clk 0:02:58]} Kf7
{[%clk 0:04:53]} 53. Rc8 {[%clk 0:03:11]} Bxf4 {[%clk 0:05:08]} 54. Rc7+
{[%clk 0:03:20]} Kf8 {[%clk 0:05:14]} 55. Rc8+ {[%clk 0:03:47]} Ke7
{[%clk 0:05:33]} 56. Rg8 {[%clk 0:04:13]} Bxe5 {[%clk 0:05:53]} 0-1

[Event "Ch France 2018"]
[Site "?"]
[Date "2018.08.19"]
[Round "2.1"]
[White "Gozzoli, Yannick"]
[Black "Bacrot, Etienne"]
[Result "1/2-1/2"]
[BlackElo "2699"]
[WhiteElo "2596"]
[LiveChessVersion "1.4.8"]

1. d4 {[%clk 1:27:32]} Nf6 {[%clk 1:30:55]} 2. c4 {[%clk 1:27:45]} g6
{[%clk 1:31:19]} 3. Nc3 {[%clk 1:27:38]} Bg7 {[%clk 1:31:42]} 4. e4
{[%clk 1:26:36]} d6 {[%clk 1:32:06]} 5. Nf3 {[%clk 1:25:40]} O-O {[%clk 1:31:01]}
6. Be2 {[%clk 1:26:02]} e5 {[%clk 1:31:19]} 7. O-O {[%clk 1:26:03]} Nc6
{[%clk 1:31:45]} 8. d5 {[%clk 1:25:58]} Ne7 {[%clk 1:32:08]} 9. b4
{[%clk 1:25:40]} Nh5 {[%clk 1:31:09]} 10. Re1 {[%clk 1:24:20]} f5
{[%clk 1:31:25]} 11. Ng5 {[%clk 1:24:25]} Nf6 {[%clk 1:31:30]} 12. Bf3
{[%clk 1:21:56]} h6 {[%clk 1:29:35]} 13. Ne6 {[%clk 1:20:41]} Bxe6
{[%clk 1:29:56]} 14. dxe6 {[%clk 1:21:06]} c6 {[%clk 1:29:47]} 15. b5
{[%clk 1:17:32]} fxe4 {[%clk 1:27:37]} 16. Nxe4 {[%clk 1:17:09]} Nxe4
{[%clk 1:27:48]} 17. Bxe4 {[%clk 1:17:33]} d5 {[%clk 1:27:44]} 18. cxd5
{[%clk 1:17:46]} cxd5 {[%clk 1:28:09]} 19. Ba3 {[%clk 1:18:04]} dxe4
{[%clk 1:28:25]} 20. Qxd8 {[%clk 1:18:29]} Rfxd8 {[%clk 1:28:51]} 21. Bxe7
{[%clk 1:18:52]} Re8 {[%clk 1:29:03]} 22. Bc5 {[%clk 1:19:18]} Rxe6
{[%clk 1:27:24]} 23. Rxe4 {[%clk 1:17:42]} a6 {[%clk 1:25:36]} 24. bxa6
{[%clk 1:11:24]} Rexa6 {[%clk 1:23:21]} 25. a3 {[%clk 1:11:23]} Bf8
{[%clk 1:21:56]} 26. Bxf8 {[%clk 1:07:20]} Kxf8 {[%clk 1:22:04]} 27. Rxe5
{[%clk 1:04:01]} Rxa3 {[%clk 1:21:12]} 28. Rxa3 {[%clk 1:04:25]} Rxa3
{[%clk 1:21:37]} 29. h4 {[%clk 1:04:49]} Rb3 {[%clk 1:21:20]} 30. Re6
{[%clk 1:04:41]} Kf7 {[%clk 1:21:35]} 31. Rd6 {[%clk 1:05:07]} h5
{[%clk 1:21:35]} 32. Kh2 {[%clk 1:04:41]} Kg7 {[%clk 1:21:38]} 33. f3
{[%clk 1:04:42]} Rb4 {[%clk 1:21:49]} 34. Kg3 {[%clk 1:04:17]} Kf7
{[%clk 1:22:11]} 35. Kh3 {[%clk 1:04:25]} Kg7 {[%clk 1:22:34]} 36. Kg3
{[%clk 1:04:43]} Kf7 {[%clk 1:23:00]} 37. Kh3 {[%clk 1:05:08]} Kg7
{[%clk 1:23:25]} 38. Kg3 {[%clk 1:05:34]} 1/2-1/2

[Event "Ch France 2018"]
[Site "?"]
[Date "2018.08.19"]
[Round "2.4"]
[White "Maze, Sebastien"]
[Black "Bauer, Christian"]
[Result "1/2-1/2"]
[BlackElo "2636"]
[WhiteElo "2612"]
[LiveChessVersion "1.4.8"]

1. e4 {[%clk 1:30:50]} c5 {[%clk 1:30:40]} 2. Nf3 {[%clk 1:31:15]} e6
{[%clk 1:31:04]} 3. d4 {[%clk 1:31:41]} cxd4 {[%clk 1:31:29]} 4. Nxd4
{[%clk 1:32:09]} Nf6 {[%clk 1:31:00]} 5. Nc3 {[%clk 1:32:31]} d6 {[%clk 1:31:11]}
6. g4 {[%clk 1:32:41]} a6 {[%clk 1:30:29]} 7. g5 {[%clk 1:32:39]} Nfd7
{[%clk 1:30:52]} 8. h4 {[%clk 1:32:22]} b5 {[%clk 1:30:04]} 9. Bg2
{[%clk 1:28:41]} Bb7 {[%clk 1:28:09]} 10. f4 {[%clk 1:27:29]} b4 {[%clk 1:18:20]}
11. Nd5 {[%clk 1:26:54]} Nc5 {[%clk 1:01:55]} 12. O-O {[%clk 1:25:53]} Nc6
{[%clk 1:00:50]} 13. Nxc6 {[%clk 1:20:38]} Bxc6 {[%clk 1:01:13]} 14. Re1
{[%clk 1:21:05]} Rb8 {[%clk 0:51:07]} 15. Bd2 {[%clk 1:06:52]} Be7
{[%clk 0:43:58]} 16. f5 {[%clk 0:52:20]} Bxd5 {[%clk 0:35:28]} 17. exd5
{[%clk 0:52:48]} exf5 {[%clk 0:35:39]} 18. Qe2 {[%clk 0:50:12]} Rb7
{[%clk 0:33:09]} 19. Be3 {[%clk 0:50:04]} Qc8 {[%clk 0:29:01]} 20. Qf2
{[%clk 0:44:01]} Ne4 {[%clk 0:25:00]} 21. Bxe4 {[%clk 0:44:01]} fxe4
{[%clk 0:25:29]} 22. Bd4 {[%clk 0:44:23]} O-O {[%clk 0:13:01]} 23. Rxe4
{[%clk 0:44:51]} f6 {[%clk 0:12:53]} 24. Rae1 {[%clk 0:35:24]} fxg5
{[%clk 0:11:45]} 25. Qg2 {[%clk 0:35:52]} Bf6 {[%clk 0:08:24]} 26. Bxf6
{[%clk 0:36:17]} gxf6 {[%clk 0:08:49]} 27. Re6 {[%clk 0:29:35]} Rg7
{[%clk 0:05:36]} 28. h5 {[%clk 0:29:56]} Qc5+ {[%clk 0:05:30]} 29. Qf2
{[%clk 0:28:05]} Qxd5 {[%clk 0:04:52]} 30. Rxf6 {[%clk 0:28:07]} Rgf7
{[%clk 0:04:52]} 31. Rxf7 {[%clk 0:27:53]} Rxf7 {[%clk 0:05:13]} 32. Re8+
{[%clk 0:23:39]} Kg7 {[%clk 0:05:41]} 33. Qe2 {[%clk 0:24:07]} Qd4+
{[%clk 0:02:15]} 34. Kg2 {[%clk 0:24:36]} Qxb2 {[%clk 0:01:07]} 35. Re6
{[%clk 0:24:12]} Rf6 {[%clk 0:00:37]} 36. Re7+ {[%clk 0:24:07]} Kf8
{[%clk 0:00:31]} 37. Re8+ {[%clk 0:19:34]} Kg7 {[%clk 0:01:00]} 38. Re7+
{[%clk 0:20:01]} Kf8 {[%clk 0:01:28]} 39. Re8+ {[%clk 0:16:08]} Kg7
{[%clk 0:01:51]} 1/2-1/2